Подробности
| 000 -МАРКЕР |
| контрольное поле |
01324nam0a2200349 4500 |
| 001 - ИДЕНТИФИКАТОР ЗАПИСИ |
| контрольное поле |
RU\NLR\bibl\1162351 |
| 005 - ИДЕНТИФИКАТОР ВЕРСИИ |
| контрольное поле |
20260406063440.0 |
| 010 ## - МЕЖДУНАРОДНЫЙ СТАНДАРТНЫЙ НОМЕР КНИГИ (ISBN) |
| Номер (ISBN) |
5-17-036901-8 |
| Уточнения |
АСТ |
| 010 ## - МЕЖДУНАРОДНЫЙ СТАНДАРТНЫЙ НОМЕР КНИГИ (ISBN) |
| Номер (ISBN) |
5-9725-0425-1 |
| Тираж |
7000 |
| Уточнения |
Астрель-СПб |
| 021 ## - НОМЕР ГОСУДАРСТВЕННОЙ РЕГИСТРАЦИИ |
| Код страны |
российская федерация |
| Номер |
2007-62423 |
| Номер Листа государственной регистраци |
3333 |
| 035 ## - ДРУГИЕ СИСТЕМНЫЕ НОМЕРА |
| Идентификатор записи |
(NLR Aleph) 001149094 |
| 100 ## - ДАННЫЕ ОБЩЕЙ ОБРАБОТКИ |
| Данные общей обработки |
20071203d2006 |||y0rusy50 ca |
| 101 0# - ЯЗЫК РЕСУРСА |
| Язык текста, звукозаписи и т.д. |
русский |
| 102 ## - СТРАНА ПУБЛИКАЦИИ ИЛИ ПРОИЗВОДСТВА |
| Страна публикации |
российская федерация |
| 105 ## - ПОЛЕ КОДИРОВАННЫХ ДАННЫХ: ТЕКСТОВЫЕ МАТЕРИАЛЫ, МОНОГРАФИЧЕСКИЕ |
| Кодированные данные о монографическом текстовом документе |
a ||||||||| |
| 200 1# - ЗАГЛАВИЕ И СВЕДЕНИЯ ОБ ОТВЕТСТВЕННОСТИ |
| Основное заглавие |
Хиромантия. Система Р. Вебстера |
| Первые сведения об ответственности |
[сост. Лариса Петракова] |
| 210 ## - ПУБЛИКАЦИЯ, РАСПРОСТРАНЕНИЕ И ДР. |
| Место издания, распространения и т.д. |
Москва |
| Имя издателя, распространителя и т. д. |
АСТ |
| Место издания, распространения и т.д. |
Санкт-Петербург |
| Имя издателя, распространителя и т. д. |
Астрель-СПб |
| Дата издания, распространения и т.д. |
2006 |
| 215 ## - ФИЗИЧЕСКАЯ ХАРАКТЕРИСТИКА |
| Специфическое обозначение материала и объем |
93, [2] c. |
| Другие сведения о физической характеристике |
ил. |
| Размеры |
20 |
| 225 1# - СЕРИЯ |
| Основное заглавие серии |
Азбука гаданий |
| 225 1# - СЕРИЯ |
| Основное заглавие серии |
Серия для тех, кто хочет сам определять свою судьбу |
| 517 0# - ДРУГИЕ ВАРИАНТЫ ЗАГЛАВИЯ |
| Вариант заглавия |
Система Р. Вебстера |
| 606 0# - НАИМЕНОВАНИЕ ТЕМЫ КАК ПРЕДМЕТ |
| Наименование темы |
Хиромантия |
| Системный номер авторитетной/нормативной записи |
1268094 |
| Идентификатор авторитетной/нормативной записи |
RU\NLR\auth\66203870 |
| 686 ## - ИНДЕКСЫ ДРУГИХ КЛАССИФИКАЦИЙ |
| Индекс |
Э391.226 |
| 702 #1 - ИМЯ ЛИЦА - ВТОРИЧНАЯ ОТВЕТСТВЕННОСТЬ |
| Код отношения |
Прочие |
| Материалы, к которым относится поле |
rus |
| Графика поля |
Кириллица |
| Начальный элемент ввода |
Вебстер |
| Часть имени, кроме начального элемента ввода |
Р. |
| Дополнения к именам, кроме дат |
эзотерик |
| Даты |
1946 - |
| Расширение инициалов личного имени |
Ричард |
| Идентификатор авторитетной/нормативной записи |
RU\NLR\auth\7722769 |
| Системный номер авторитетной/нормативной записи |
5824 |
| 702 #1 - ИМЯ ЛИЦА - ВТОРИЧНАЯ ОТВЕТСТВЕННОСТЬ |
| Начальный элемент ввода |
Петракова |
| Часть имени, кроме начального элемента ввода |
Л. |
| Расширение инициалов личного имени |
Лариса |
| Код отношения |
Составитель |
| 801 #0 - ИСТОЧНИК ЗАПИСИ |
| Страна |
российская федерация |
| Организация |
NLR |
| Дата составления |
20071203 |
| Правила каталогизации |
RCR |
| 801 #1 - ИСТОЧНИК ЗАПИСИ |
| Страна |
российская федерация |
| Организация |
NLR |
| Дата составления |
20071203 |
| 942 ## - ДОПОЛНИТЕЛЬНЫЕ ЭЛЕМЕНТЫ ЗАПИСИ (АБИС) |
| Тип экземпляра АБИС |
Книга |
| 980 ## - КОЛЛЕКЦИЯ |
| Название коллекции |
Национальная библиография |